000 00439pab a2200157 454500
008 180718b2011 xxu||||| |||| 00| 0 eng d
100 _aSahu, Anup
245 _aPrivate provision for public services: A Case study of private policy
260 _c2011
300 _ap.111-120.
362 _aDec
650 _aPrivate security services:A case study of private policing
773 _aMan and Development
908 _aN
909 _a94853
999 _c94853
_d94853